Hello, goodbye / (Record no. 14574)

MARC details
000 -LEADER
fixed length control field 00535nam a22001932 4500
001 - CONTROL NUMBER
control field 0000009812
005 - DATE AND TIME OF LATEST TRANSACTION
control field 20151217160123.0
008 - FIXED-LENGTH DATA ELEMENTS--GENERAL INFORMATION
fixed length control field 081130s xx 000 0 eng d
020 ## - INTERNATIONAL STANDARD BOOK NUMBER
International Standard Book Number 068807698x :
040 ## - CATALOGING SOURCE
Original cataloging agency KABU
Transcribing agency KABU
100 1# - MAIN ENTRY--PERSONAL NAME
Personal name Lloyd, David.
-- 0000038046
245 10 - TITLE STATEMENT
Title Hello, goodbye /
Statement of responsibility, etc. David Lloyd; illustrated by Louise Voce.
250 ## - EDITION STATEMENT
Edition statement 1st ed.
260 ## - PUBLICATION, DISTRIBUTION, ETC. (IMPRINT)
Place of publication, distribution, etc. New York :
Name of publisher, distributor, etc. Lothrop,
Date of publication, distribution, etc. 1988.
300 ## - PHYSICAL DESCRIPTION
Extent 26 p.
852 1# - LOCATION
-- p200 KES
908 ## - PUT COMMAND PARAMETER (RLIN)
Put command parameter 081130
950 ## - LOCAL HOLDINGS (RLIN)
-- 1
Holdings
Withdrawn status Lost status Source of classification or shelving scheme Not for loan Home library Current library Date acquired Total Checkouts Full call number Barcode Date last seen Price effective from Koha item type
    Library of Congress Classification   Kabarak, Main Campus Kabarak, Main Campus 17/12/2015   PZ7 .L56H4 c. 1 15656 17/12/2015 17/12/2015 Children Collection
Designed with assistance from East African Informatics Ltd